| 000 | 01967cam a22004694i 4500 | ||
|---|---|---|---|
| 003 | PE-LiUPU | ||
| 005 | 20250731173322.0 | ||
| 008 | 150625s2007 tnu rb 000 0 spa d | ||
| 020 | _a9780805432879 | ||
| 035 | _a(Sirsi) i9780805432879 | ||
| 040 |
_aPE-LiUPU _bspa _cPE-LiUPU _erda |
||
| 049 | _aPRUA | ||
| 082 | 0 | 4 |
_a221 _bP28 _221 |
| 100 | 1 |
_aGiest, Ronald L., _eautor. |
|
| 245 | 1 | 0 |
_aCompendio para entender el Antiguo Testamento / _cRonald L. Giest y Sandy D. Brent. |
| 264 | 1 |
_aNashville, TN : _bB and H Español, _c2007. |
|
| 300 |
_a300 páginas ; _c23 centímetros |
||
| 336 |
_atext _2rdacontent |
||
| 337 |
_aunmediated _2rdamedia |
||
| 338 |
_avolume _2rdacarrier |
||
| 504 | _aIncluye notas bibliográficas al final de cada capítulo. | ||
| 505 | 0 | _aTipos literarios del Antiguo Testamento. -Los tipos literarios y la interpretación. -Los tipos literarios y la inspiración. -Narrativa. -Historia. -Ley. -Oráculos de salvación. -Anuncios de juicio. -Apocalíptico. -Lamentaciones. -Alabanzas. -Proverbios. -Sabiduría no proverbial. -Tipos literarios en manos de predicadores y maestros. | |
| 526 | _aSEG42 | ||
| 526 | _aSEG41 | ||
| 526 | _aSEG40 | ||
| 526 | _aSEG39 | ||
| 526 | _aP94 | ||
| 526 | _aP87 | ||
| 526 | _aP86 | ||
| 526 | _aP85 | ||
| 526 | _aP77 | ||
| 526 | _aP76 | ||
| 526 | _aP35 | ||
| 541 | _g003-0003441; | ||
| 630 |
_aBiblia. _pA.T. _xCrítica, interpretación, etc. |
||
| 910 |
_bjv _cng _d20080111 |
||
| 942 |
_2ddc _cBOOK |
||
| 949 |
_a221 P28 _wDEWEY _c1 _i57677 _d2016-6-16 _e2016-6-16 _lCCODEBUL1 _mBUL _n5 _p14.00 _r0 _sY _tBOOK _u2015-6-25 _xTEOLOGIA _zUNKNOWN _0COMPRA _o.STAFF. Colección General |
||
| 994 |
_aC0 _bPEPRU |
||
| 596 | _a1 | ||
| 999 |
_a221 P28 _wDEWEY _c46683 _i57677 _d46683 _e2019-3-27 _f2021-11-9 _g5 _lCCODEBUL1 _mBUL _n6 _p14.00 _q5 _r0 _sY _tBOOK _u2015-6-25 _xTEOLOGIA _PP35 _0COMPRA _o.STAFF. Colección Teología |
||
| 980 |
_81 _gALBERTO SANCHEZ Responsable de Automatización |
||